=LDR 00000nam 2200000 4500 =001 INLIS00000000000055 =005 20260702043538 =020 ##$$a 978-623-240-482-3 =082 ##$$a 613.208 =100 1#$$a Dr. Azzaky, Sp.Pd, Dkk =245 1 $$a Lansia Dan Pengaturan Gizinya /$c Dr. Azzaky, Sp.Pd, Dkk =300 ##$$a 56 ; 14 x 20